00482nam a2200193 a 4500001001300000003000900013005001700022008004100039020001000080082001400090100001600104245002700120260004300147300000900190500003500199505002200234650001600256700001600272nice12345678IN_TiNIC20260116011458.0050524s1905 newa grp 000 0 eng  ac10000a239bZWE2 aZwemer, S M aMoslim Doctrine of God aNew YorkbAmerican Tract Societyc1905 a120p aincludes index and biblioraphy2 aerrata et addenda aApologetics1 aZwemer, S M